Statistiche per Paesi più vicini a Macedonia del Nord - Sprint di un minuto

Clicka qui per fare il quiz!

Statistiche generali

  • Questo quiz è stato fatto 37 volte
  • Il punteggio medio è 15 su 20

Statistiche sulle risposte

kmnazione% Corretto
0Grecia
97%
0Albania
91%
0Bulgaria
91%
204Italia
91%
0Kosovo
89%
0Serbia
89%
179Croazia
86%
79Montenegro
86%
434Ungheria
80%
577Slovenia
77%
169Romania
74%
274Turchia
74%
635Austria
71%
183Bosnia ed
Erzegovina
69%
575Ucraina
69%
577Moldavia
66%
666Città del Vaticano
57%
695San Marino
57%
648Slovacchia
57%
739Polonia
40%

Distribuzione punteggi

Percentile per numero di risposta

Percentuale di utenti per punteggio

I tuoi punteggi nel tempo

Non hai fatto questo quiz